[Event "BCF-chT1d 1314 (4NCL) Demotion pool"]
[Site "England"]
[Date "2014.05.04"]
[Round "10.152"]
[White "McMichael, Richard"]
[Black "Mah, Karl"]
[Result "0-1"]
[WhiteElo "2224"]
[BlackElo "2404"]
[PlyCount "96"]
[EventDate "2013.11.16"]
[EventType "team-tourn"]
[EventRounds "4"]
[EventCountry "ENG"]
[SourceTitle "EXT 2015"]
[Source "ChessBase"]
[SourceDate "2014.11.20"]
[SourceVersion "1"]
[SourceVersionDate "2014.11.20"]
[SourceQuality "1"]
[WhiteTeam "Kings Head"]
[BlackTeam "Cambridge"]
[WhiteTeamCountry "ENG"]
[BlackTeamCountry "ENG"]

1. f4 g6 2. Nf3 d5 3. e3 Bg7 4. d4 Nh6 5. c3 0-0 6. Be2 Nd7 7. 0-0 c5 8. Na3 b6 9. Bd2 Bb7 10. Be1 Nf5 11. Nc2 Nf6 12. Bh4 Ne4 13. Qe1 f6 14. g4 Nfd6 15. Rd1 h6 16. Bd3 Qd7 17. h3 c4 18. Bxe4 Nxe4 19. Nd2 Nd6 20. Qe2 h5 21. Ne1 hxg4 22. hxg4 Bc8 23. f5 gxf5 24. g5 fxg5 25. Bxg5 Ne4 26. Bf4 Qe8 27. Ng2 Qg6 28. Rf3 Qh5 29. Qf1 Rf6 30. Nxe4 fxe4 31. Rg3 Bg4 32. Rd2 Kf7 33. Ne1 Rh8 34. Rdg2 Rg6 35. Bg5+ Ke8 36. Rxg4 Rxg5 37. Qf4 Rxg4 38. Qxg4 Qxg4 39. Rxg4 Bf6 40. Ng2 Kf7 41. Nf4 e6 42. Kg2 b5 43. Rg3 a5 44. a3 b4 45. axb4 axb4 46. Rh3 Rxh3 47. Kxh3 b3 48. Kg4 Be7 0-1

[Event "BCF-chT1c 1213 (4NCL) Promotion pool"]
[Site "England"]
[Date "2013.03.24"]
[Round "8.141"]
[White "Mah, Karl"]
[Black "Short, Nigel D"]
[Result "1/2-1/2"]
[WhiteElo "2415"]
[BlackElo "2692"]
[PlyCount "86"]
[EventDate "2012.11.03"]
[EventType "team-tourn"]
[EventRounds "4"]
[EventCountry "ENG"]
[SourceTitle "EXT 2014"]
[Source "ChessBase"]
[SourceDate "2013.11.20"]
[SourceVersion "1"]
[SourceVersionDate "2013.11.20"]
[SourceQuality "1"]
[WhiteTeam "Cambridge"]
[BlackTeam "Guildford"]
[WhiteTeamCountry "ENG"]
[BlackTeamCountry "ENG"]

1. c4 c5 2. g3 g6 3. Bg2 Bg7 4. Nc3 Nc6 5. e3 Bxc3 6. dxc3 d6 7. e4 f5 8. exf5 Bxf5 9. Nf3 Qd7 10. 0-0 Nf6 11. Re1 Bg4 12. Bh6 0-0-0 13. Qd3 Qf5 14. Qxf5+ Bxf5 15. Nh4 Bd7 16. f4 Rde8 17. Bg7 Rhg8 18. Bxf6 exf6 19. Bd5 Rgf8 20. Ng2 Ne7 21. Be6 Ng8 22. Bxd7+ Kxd7 23. Rxe8 Rxe8 24. Re1 Rxe1+ 25. Nxe1 Kc6 26. Kf2 d5 27. cxd5+ Kxd5 28. Kf3 f5 29. Ng2 Nf6 30. Ne3+ Ke6 31. c4 b6 32. b3 Kd6 33. Ke2 Ne4 34. Nd5 b5 35. Ke3 b4 36. g4 h6 37. h4 h5 38. g5 Kd7 39. Ke2 Kd8 40. Ke1 Nd6 41. Ke2 Nb7 42. Ne3 Kd7 43. Nd1 Nd8 1/2-1/2

[Event "BCF-chT1a 1213 (4NCL)"]
[Site "England"]
[Date "2013.03.23"]
[Round "7.142"]
[White "Panjwani, Raja"]
[Black "Mah, Karl"]
[Result "1/2-1/2"]
[WhiteElo "2402"]
[BlackElo "2415"]
[PlyCount "120"]
[EventDate "2012.11.03"]
[EventType "team-tourn"]
[EventRounds "7"]
[EventCountry "ENG"]
[SourceTitle "EXT 2014"]
[Source "ChessBase"]
[SourceDate "2013.11.20"]
[SourceVersion "1"]
[SourceVersionDate "2013.11.20"]
[SourceQuality "1"]
[WhiteTeam "e2e4.org.uk"]
[BlackTeam "Cambridge"]
[WhiteTeamCountry "ENG"]
[BlackTeamCountry "ENG"]

1. Nf3 d6 2. c4 e5 3. d4 e4 4. Ng1 f5 5. Nc3 c6 6. Nh3 Be7 7. g3 Nf6 8. d5 Nbd7 9. Bg2 Nb6 10. Qb3 Nfd7 11. 0-0 Nc5 12. Qc2 0-0 13. b4 Na6 14. Qb3 cxd5 15. Nxd5 Nxd5 16. cxd5 Bf6 17. Rb1 Bd7 18. Be3 Qe7 19. Rbc1 Rfc8 20. Nf4 g5 21. Ne6 Bxe6 22. dxe6 Re8 23. f3 Qxe6 24. fxe4 Qxb3 25. axb3 f4 26. gxf4 gxf4 27. Rxf4 Be5 28. Rg4+ Kh8 29. b5 Nc5 30. Bf4 Ne6 31. Bxe5+ dxe5 32. e3 a6 33. bxa6 Rxa6 34. Bf1 Rc6 35. Bc4 b5 36. Rd1 bxc4 37. bxc4 Rg8 38. Rxg8+ Kxg8 39. Rd5 Rc5 40. Rd7 Rxc4 41. Re7 Rc6 42. Kg2 h5 43. Kg3 Kf8 44. Ra7 Ng7 45. Kh4 Kg8 46. Ra5 Re6 47. Kg5 Kh7 48. h3 Kg8 49. Ra8+ Kf7 50. Ra7+ Re7 51. Ra5 Ne8 52. Ra6 Nc7 53. Rc6 Nb5 54. Rh6 Ke8 55. Rb6 Nc3 56. Kf5 Nd1 57. Kf6 Kf8 58. Rb8+ Re8 59. Rxe8+ Kxe8 60. Kxe5 h4 1/2-1/2

[Event "BCF-chTd 1112 (4NCL)"]
[Site "England"]
[Date "2012.05.07"]
[Round "11.181"]
[White "Hunt, Harriet"]
[Black "Mah, Karl"]
[Result "1/2-1/2"]
[WhiteElo "2454"]
[BlackElo "2419"]
[PlyCount "108"]
[EventDate "2011.11.12"]
[EventType "team-swiss"]
[EventRounds "11"]
[EventCountry "ENG"]
[SourceTitle "EXT 2013"]
[Source "ChessBase"]
[SourceDate "2012.11.22"]
[SourceVersion "1"]
[SourceVersionDate "2012.11.22"]
[SourceQuality "1"]
[WhiteTeam "Blackthorne Russia"]
[BlackTeam "Cambridge"]
[WhiteTeamCountry "ENG"]
[BlackTeamCountry "ENG"]

1. e4 d6 2. d4 Nf6 3. Nc3 e5 4. Nf3 Nbd7 5. Bc4 Be7 6. 0-0 0-0 7. Re1 c6 8. a4 b6 9. Ba2 a6 10. h3 Rb8 11. Be3 b5 12. axb5 axb5 13. b4 Qc7 14. Bb3 Nb6 15. Qd3 h6 16. Nd2 Be6 17. d5 cxd5 18. exd5 Bd7 19. Ra5 Nc4 20. Ra7 Rb7 21. Rxb7 Qxb7 22. Bxc4 bxc4 23. Nxc4 Bf5 24. Qxf5 Qxb4 25. Nxe5 dxe5 26. Bd2 Qd4 27. Rd1 Bb4 28. Qf3 e4 29. Qg3 Bxc3 30. Qxc3 Qxd5 31. Rb1 Qe6 32. Rb5 Rc8 33. Rc5 Rxc5 34. Qxc5 Nd7 35. Qd4 Nb6 36. Bc3 f6 37. h4 Nc4 38. h5 Kh7 39. Bb4 Qc6 40. Bc5 Qe6 41. c3 Nb2 42. Bf8 Kg8 43. Qd8 Nd3 44. Bc5+ Kh7 45. Be3 Qg4 46. Qe8 Ne5 47. Kh2 Qh4+ 48. Kg1 Qg4 49. Kh2 Nc4 50. Bc5 Qf5 51. Bd4 Nd6 52. Qc6 Qxh5+ 53. Kg1 Qd1+ 54. Kh2 Qh5+ 1/2-1/2

[Event "BCF-chTd 1112 (4NCL)"]
[Site "England"]
[Date "2012.05.06"]
[Round "10.151"]
[White "Mah, Karl"]
[Black "Jirka, Jiri"]
[Result "1/2-1/2"]
[WhiteElo "2419"]
[BlackElo "2396"]
[PlyCount "117"]
[EventDate "2011.11.12"]
[EventType "team-swiss"]
[EventRounds "11"]
[EventCountry "ENG"]
[SourceTitle "EXT 2013"]
[Source "ChessBase"]
[SourceDate "2012.11.22"]
[SourceVersion "1"]
[SourceVersionDate "2012.11.22"]
[SourceQuality "1"]
[WhiteTeam "Cambridge"]
[BlackTeam "The ADS"]
[WhiteTeamCountry "ENG"]
[BlackTeamCountry "ENG"]

1. d4 d5 2. c4 c6 3. Nc3 Nf6 4. e3 a6 5. Nf3 b5 6. c5 Nbd7 7. a3 g6 8. b4 Bg7 9. Bb2 a5 10. Bd3 0-0 11. 0-0 Qc7 12. h3 Ne8 13. Qe2 e5 14. Nxe5 Nxe5 15. dxe5 Bxe5 16. f4 Bg7 17. e4 axb4 18. axb4 Rxa1 19. Bxa1 dxe4 20. Bxe4 Nf6 21. Qf3 Bd7 22. Bd3 Re8 23. f5 Bxf5 24. Bxf5 gxf5 25. Ne2 Nd5 26. Bxg7 Kxg7 27. Nd4 f4 28. Nxb5 Qe5 29. Qg4+ Kf8 30. Nd6 Re6 31. Qh4 Kg7 32. Qg4+ Rg6 33. Qf5 Qxf5 34. Nxf5+ Kf6 35. Nd4 Ke5 36. Nf3+ Ke4 37. Re1+ Ne3 38. Re2 Kd3 39. Rf2 Kc3 40. Ne5 Re6 41. Nxf7 Nd5 42. Nd8 Rf6 43. Re2 Kxb4 44. Re6 Kxc5 45. Rxf6 Nxf6 46. Ne6+ Kd5 47. Nxf4+ Ke4 48. Ne6 Ke3 49. g4 Ne4 50. Kg2 c5 51. Nxc5 Nxc5 52. Kg3 Ne4+ 53. Kh4 Nf6 54. Kg5 Ng8 55. Kf5 Kf3 56. Ke6 Kg3 57. Kf7 Kxh3 58. Kxg8 Kxg4 59. Kxh7 1/2-1/2

[Event "BCF-chT1b 1011 (4NCL)"]
[Site "England"]
[Date "2011.02.19"]
[Round "5.18"]
[White "Mah, Karl"]
[Black "Wu, Li"]
[Result "1/2-1/2"]
[WhiteElo "2428"]
[BlackElo "2344"]
[PlyCount "153"]
[EventDate "2010.11.06"]
[EventType "team-tourn"]
[EventRounds "7"]
[EventCountry "ENG"]
[SourceTitle "EXT 2012"]
[Source "ChessBase"]
[SourceDate "2011.11.24"]
[SourceVersion "1"]
[SourceVersionDate "2011.11.24"]
[SourceQuality "1"]
[WhiteTeam "Cambridge"]
[BlackTeam "Sambuca Sharks"]
[WhiteTeamCountry "ENG"]
[BlackTeamCountry "ENG"]

1. d4 Nf6 2. c4 g6 3. g3 Bg7 4. Bg2 0-0 5. Nc3 d6 6. Nf3 Nc6 7. 0-0 Rb8 8. e3 a6 9. Qe2 e6 10. Rb1 b5 11. b4 Ne7 12. cxb5 axb5 13. e4 d5 14. e5 Ne4 15. Nxe4 dxe4 16. Qxe4 Bb7 17. Qf4 f6 18. Qg4 f5 19. Qh4 Qd7 20. a3 Rfe8 21. Qf4 Be4 22. Rb3 h6 23. Qd2 Red8 24. Bb2 g5 25. Qc1 Nc6 26. h3 g4 27. hxg4 fxg4 28. Nh4 Nxd4 29. Bxd4 Bxg2 30. Nxg2 Qxd4 31. Nf4 Qxe5 32. Re3 Qf5 33. Nxe6 Rd7 34. Qc6 Qf7 35. Nxg7 Kxg7 36. Re4 h5 37. Rfe1 Rb6 38. Qxd7 Qxd7 39. Re7+ Qxe7 40. Rxe7+ Kg6 41. Rxc7 Ra6 42. Rc3 Rd6 43. Kf1 Re6 44. Rd3 Kh6 45. Rd2 Kg6 46. Re2 Rc6 47. Re5 Rc3 48. Rxb5 Rxa3 49. Rb8 Ra2 50. b5 Rb2 51. b6 Kg7 52. b7 Kh7 53. Ke1 Kg7 54. Kd1 Rb6 55. Kd2 Rb1 56. Kd3 Rb4 57. Kc3 Rb1 58. Kc4 Rb2 59. Kd5 Rd2+ 60. Ke4 Re2+ 61. Kf4 Rxf2+ 62. Kg5 Rb2 63. Kxh5 Rb4 64. Kg5 Rb5+ 65. Kxg4 Rb4+ 66. Kg5 Rb5+ 67. Kh4 Rb4+ 68. g4 Rb5 69. Kg3 Rb3+ 70. Kh4 Rb5 71. g5 Rb1 72. Ra8 Rxb7 73. Kh5 Rc7 74. Ra6 Rb7 75. Rg6+ Kh7 76. Rc6 Kg7 77. Ra6 1/2-1/2

[Event "BCF-chT1b 1011 (4NCL)"]
[Site "England"]
[Date "2011.01.15"]
[Round "3.17"]
[White "Mah, Karl"]
[Black "Slavin, Alexei"]
[Result "1/2-1/2"]
[WhiteElo "2428"]
[BlackElo "2425"]
[PlyCount "48"]
[EventDate "2010.11.06"]
[EventType "team-tourn"]
[EventRounds "7"]
[EventCountry "ENG"]
[SourceTitle "EXT 2012"]
[Source "ChessBase"]
[SourceDate "2011.11.24"]
[SourceVersion "1"]
[SourceVersionDate "2011.11.24"]
[SourceQuality "1"]
[WhiteTeam "Cambridge"]
[BlackTeam "e2e4.org.uk"]
[WhiteTeamCountry "ENG"]
[BlackTeamCountry "ENG"]

1. Nf3 c5 2. g3 g6 3. Bg2 Bg7 4. 0-0 Nc6 5. c4 e5 6. Nc3 Nge7 7. d3 0-0 8. a3 d6 9. Rb1 a5 10. Ne1 Be6 11. Nd5 Rb8 12. Nxe7+ Nxe7 13. b4 cxb4 14. axb4 d5 15. bxa5 dxc4 16. Ba3 Re8 17. dxc4 Qxa5 18. Qc1 Qa6 19. Nd3 Qxc4 20. Bd6 Rbd8 21. Bxe5 Bxe5 22. Nxe5 Qxe2 23. Re1 Qd2 24. Rxb7 Qxc1 1/2-1/2

[Event "BCF-chT1b 1011 (4NCL)"]
[Site "England"]
[Date "2010.11.06"]
[Round "1.16"]
[White "Mah, Karl"]
[Black "Savage, Ben D"]
[Result "1/2-1/2"]
[WhiteElo "2428"]
[BlackElo "2289"]
[PlyCount "55"]
[EventDate "2010.11.06"]
[EventType "team-tourn"]
[EventRounds "7"]
[EventCountry "ENG"]
[SourceTitle "CBM 139 Extra"]
[Source "ChessBase"]
[SourceDate "2011.01.05"]
[SourceVersion "1"]
[SourceVersionDate "2011.01.05"]
[SourceQuality "1"]
[WhiteTeam "Cambridge"]
[BlackTeam "Oxford"]
[WhiteTeamCountry "ENG"]
[BlackTeamCountry "ENG"]

1. Nf3 f5 2. g3 Nf6 3. Bg2 d6 4. d4 e6 5. 0-0 Be7 6. c4 0-0 7. Nc3 a5 8. Re1 Ne4 9. Qc2 Nxc3 10. bxc3 Nc6 11. e4 e5 12. dxe5 dxe5 13. exf5 Rxf5 14. h4 Bc5 15. Be3 Qf8 16. Ng5 Bxe3 17. fxe3 g6 18. g4 Rf6 19. Rf1 Nd8 20. Bd5+ Kg7 21. h5 Qe7 22. h6+ Kxh6 23. Ne4 Rxf1+ 24. Rxf1 Kg7 25. Nf6 h6 26. Qh2 Ra6 27. g5 h5 28. c5 1/2-1/2

[Event "BCF-chT1a 0910 (4NCL)"]
[Site "England"]
[Date "2010.01.17"]
[Round "4.3"]
[White "White, Michael JR"]
[Black "Mah, Karl"]
[Result "1/2-1/2"]
[WhiteElo "2239"]
[BlackElo "2417"]
[PlyCount "83"]
[EventDate "2009.10.24"]
[EventType "team-tourn"]
[EventRounds "7"]
[EventCountry "ENG"]
[SourceTitle "EXT 2011"]
[Source "ChessBase"]
[SourceDate "2010.11.26"]
[SourceVersion "1"]
[SourceVersionDate "2010.11.26"]
[SourceQuality "1"]
[WhiteTeam "Oxford"]
[BlackTeam "Cambridge University"]
[WhiteTeamCountry "ENG"]
[BlackTeamCountry "ENG"]

1. e4 c6 2. d4 d5 3. exd5 cxd5 4. c4 Nf6 5. Nc3 e6 6. Nf3 Be7 7. cxd5 Nxd5 8. Bd3 Nc6 9. a3 0-0 10. 0-0 Qa5 11. Bd2 Nxc3 12. bxc3 Rd8 13. Re1 Bf6 14. Qc1 Qh5 15. Rb1 e5 16. Rb5 a6 17. Rc5 Bg4 18. Be4 Be7 19. Bxc6 Bxc5 20. Rxe5 Qg6 21. Be4 f5 22. Bxf5 Bxf5 23. Nh4 Qg4 24. Nxf5 Bf8 25. Qb1 Re8 26. Qb3+ Kh8 27. f3 Qg6 28. Nh4 Qf6 29. Rh5 Re2 30. Qb1 h6 31. Ng6+ Kg8 32. Rf5 Qe6 33. Nf4 Qe7 34. Nxe2 Qxe2 35. Qe1 Qxe1+ 36. Bxe1 Bxa3 37. c4 Rd8 38. d5 b5 39. cxb5 axb5 40. d6 Rxd6 41. Rxb5 Bc1 42. Rb1 1/2-1/2

[Event "BCF-chT1a 0910 (4NCL)"]
[Site "England"]
[Date "2010.01.16"]
[Round "3.1"]
[White "Mah, Karl"]
[Black "McShane, Luke J"]
[Result "1/2-1/2"]
[WhiteElo "2417"]
[BlackElo "2628"]
[PlyCount "114"]
[EventDate "2009.10.24"]
[EventType "team-tourn"]
[EventRounds "7"]
[EventCountry "ENG"]
[SourceTitle "EXT 2011"]
[Source "ChessBase"]
[SourceDate "2010.11.26"]
[SourceVersion "1"]
[SourceVersionDate "2010.11.26"]
[SourceQuality "1"]
[WhiteTeam "Cambridge University"]
[BlackTeam "Wood Green Hilsmark Kingfisher"]
[WhiteTeamCountry "ENG"]
[BlackTeamCountry "ENG"]

1. d4 Nf6 2. c4 g6 3. Nc3 d5 4. Bg5 Bg7 5. Nf3 Ne4 6. Bh4 c5 7. cxd5 Nxc3 8. bxc3 Qxd5 9. e3 Nc6 10. Be2 0-0 11. 0-0 cxd4 12. cxd4 b6 13. Qa4 Bb7 14. Rac1 e6 15. Ba6 Na5 16. Bxb7 Qxb7 17. Rc2 Rfc8 18. Rfc1 Bf8 19. h3 Rxc2 20. Rxc2 Rc8 21. Rxc8 Qxc8 22. Ne5 Kg7 23. Kh2 f6 24. Nd3 Qc6 25. Qxc6 Nxc6 26. f3 Kf7 27. Kg1 Be7 28. Kf1 Ke8 29. Ke2 Kd7 30. g4 b5 31. Be1 a5 32. Kd1 Bd6 33. Bh4 f5 34. gxf5 gxf5 35. Ke2 a4 36. Be1 Kc7 37. Nc1 Kb6 38. Kd3 b4 39. e4 Kb5 40. Bd2 Na5 41. Ne2 Nc4 42. Bc1 a3 43. Kc2 Na5 44. Kd3 fxe4+ 45. fxe4 e5 46. Bg5 Kc6 47. Nc1 exd4 48. Bf6 Bc5 49. Bxd4 Bxd4 50. Kxd4 Kd6 51. e5+ Ke6 52. Kc5 b3 53. axb3 a2 54. Nxa2 Nxb3+ 55. Kc4 Nd2+ 56. Kd3 Nf3 57. Ke3 Nxe5 1/2-1/2

[Event "BCF-chT1d 0809 (4NCL) Demotion pool"]
[Site "England"]
[Date "2009.05.02"]
[Round "9.2"]
[White "Lyell, Mark"]
[Black "Mah, Karl"]
[Result "0-1"]
[WhiteElo "2300"]
[BlackElo "2408"]
[PlyCount "78"]
[EventDate "2008.10.04"]
[EventType "team-tourn"]
[EventRounds "4"]
[EventCountry "ENG"]
[SourceTitle "EXT 2010"]
[Source "ChessBase"]
[SourceDate "2010.11.25"]
[SourceVersion "1"]
[SourceVersionDate "2010.11.25"]
[SourceQuality "1"]
[WhiteTeam "NW Eagles"]
[BlackTeam "Cambridge"]
[WhiteTeamCountry "ENG"]
[BlackTeamCountry "ENG"]

1. e4 d6 2. d4 Nf6 3. Nc3 c6 4. h3 Nbd7 5. Nf3 e5 6. Be2 Be7 7. 0-0 0-0 8. a4 Re8 9. a5 Qc7 10. Re1 Rb8 11. Be3 b5 12. axb6 axb6 13. Bc4 h6 14. d5 b5 15. Ra7 Rb7 16. dxc6 Rxa7 17. cxd7 Bxd7 18. Bxa7 Qxc4 19. Nd5 Nxd5 20. Qxd5 Qxd5 21. exd5 Bf5 22. c3 Ra8 23. Bb6 Kf8 24. b3 Rc8 25. Re3 Bc2 26. c4 bxc4 27. bxc4 Rxc4 28. Ra3 f5 29. Ra8+ Kf7 30. Bd8 Ra4 31. Rc8 Bxd8 32. Rxd8 Ra6 33. Rd7+ Kf6 34. Nd2 Bd3 35. f3 Bb5 36. Rd8 Ke7 37. Rg8 Kf7 38. Rd8 Ra1+ 39. Kf2 Rd1 0-1

[Event "BCF-chT1a 0809 (4NCL)"]
[Site "England"]
[Date "2008.12.06"]
[Round "3.4"]
[White "Shaw, John"]
[Black "Mah, Karl"]
[Result "1-0"]
[WhiteElo "2469"]
[BlackElo "2408"]
[PlyCount "107"]
[EventDate "2008.10.04"]
[EventType "team-tourn"]
[EventRounds "7"]
[EventCountry "ENG"]
[SourceTitle "CBM 127 Extra"]
[Source "ChessBase"]
[SourceDate "2009.01.08"]
[SourceVersion "2"]
[SourceVersionDate "2009.01.28"]
[SourceQuality "1"]
[WhiteTeam "Guildford II"]
[BlackTeam "Cambridge"]
[WhiteTeamCountry "ENG"]
[BlackTeamCountry "ENG"]

1. e4 e6 2. d4 d5 3. Nd2 Nf6 4. e5 Nfd7 5. Bd3 c5 6. c3 Nc6 7. Ne2 cxd4 8. cxd4 f6 9. exf6 Nxf6 10. Nf3 Bd6 11. 0-0 0-0 12. Bf4 Bxf4 13. Nxf4 Ne4 14. Qc1 Ng5 15. Nxg5 Qxg5 16. Ne2 Qxc1 17. Raxc1 a6 18. Rc5 Bd7 19. a3 Rac8 20. Rfc1 Na7 21. Rxc8 Rxc8 22. Rxc8+ Nxc8 23. f3 Nd6 24. Nc3 Nc4 25. Bxc4 dxc4 26. d5 Kf8 27. dxe6 Bxe6 28. Kf2 Ke7 29. Ke3 Kd6 30. Kd4 b5 31. f4 Bf5 32. Nd5 h5 33. Ne3 Bc8 34. f5 Bb7 35. g3 Bc6 36. h3 Be8 37. g4 hxg4 38. hxg4 g5 39. Nf1 Bc6 40. Nd2 Ke7 41. Ne4 a5 42. Nxg5 Bg2 43. Ne4 b4 44. axb4 axb4 45. g5 c3 46. bxc3 b3 47. Nd2 b2 48. c4 Kf7 49. c5 Bh3 50. Ke5 Bg2 51. g6+ Kg7 52. Ke6 Kf8 53. g7+ Kxg7 54. Ke7 1-0

[Event "BCF-chT 0708 (4NCL)"]
[Site "Sunningdale"]
[Date "2008.01.12"]
[Round "5.1"]
[White "Hunt, Adam"]
[Black "Mah, Karl"]
[Result "1/2-1/2"]
[WhiteElo "2461"]
[BlackElo "2406"]
[PlyCount "83"]
[EventDate "2007.09.15"]
[EventType "team-tourn"]
[EventRounds "11"]
[EventCountry "ENG"]
[SourceTitle "EXT 2008"]
[Source "ChessBase"]
[SourceDate "2007.11.25"]
[SourceVersion "1"]
[SourceVersionDate "2007.11.25"]
[SourceQuality "1"]
[WhiteTeam "Betsson.com"]
[BlackTeam "Cambridge"]
[WhiteTeamCountry "ENG"]
[BlackTeamCountry "ENG"]

1. e4 d6 2. d4 Nf6 3. Nc3 e5 4. Nf3 Nbd7 5. Bc4 Be7 6. 0-0 0-0 7. Re1 c6 8. a4 a5 9. b3 h6 10. Bb2 Re8 11. Qd2 Qc7 12. h3 Nf8 13. Nh4 N6h7 14. Nf5 Bxf5 15. exf5 Bg5 16. Qd3 exd4 17. Qxd4 Bf6 18. Qd2 d5 19. Bf1 Ng5 20. Rab1 Rxe1 21. Rxe1 Qd7 22. Bd3 Re8 23. Nd1 Rxe1+ 24. Qxe1 Bxb2 25. Nxb2 b6 26. Qe5 Qd8 27. c3 Ngh7 28. Bc2 Qf6 29. Nd3 Nd7 30. Qxf6 Nhxf6 31. f3 Kf8 32. Kf2 Ke7 33. Ke3 Kd6 34. g4 Ne5 35. Nf2 c5 36. f4 Nc6 37. g5 Ng8 38. Ng4 d4+ 39. Kd3 f6 40. gxf6 Nxf6 41. Nxf6 gxf6 42. c4 1/2-1/2

[Event "BCF-chT 0708 (4NCL)"]
[Site "Sunningdale"]
[Date "2007.11.10"]
[Round "3.2"]
[White "Pert, Nicholas"]
[Black "Mah, Karl"]
[Result "1/2-1/2"]
[WhiteElo "2539"]
[BlackElo "2410"]
[PlyCount "80"]
[EventDate "2007.09.15"]
[EventType "team-tourn"]
[EventRounds "11"]
[EventCountry "ENG"]
[SourceTitle "EXT 2008"]
[Source "ChessBase"]
[SourceDate "2007.11.25"]
[SourceVersion "1"]
[SourceVersionDate "2007.11.25"]
[SourceQuality "1"]
[WhiteTeam "Guildford"]
[BlackTeam "Cambridge"]
[WhiteTeamCountry "ENG"]
[BlackTeamCountry "ENG"]

1. d4 e6 2. c4 Nf6 3. Nf3 d5 4. Nc3 c6 5. Bg5 h6 6. Bh4 g5 7. Bg3 dxc4 8. e4 b5 9. Be2 Nbd7 10. e5 Nd5 11. Nd2 Bb7 12. 0-0 Nxc3 13. bxc3 Nb6 14. Ne4 Be7 15. f4 c5 16. Nd6+ Bxd6 17. exd6 Qxd6 18. fxg5 Qe7 19. Bh5 Rf8 20. g6 fxg6 21. Rxf8+ Qxf8 22. Bxg6+ Kd7 23. Qh5 Qe7 24. Rf1 Rf8 25. Bf7 Bd5 26. Bh4 Qd6 27. Bg3 Qe7 28. Be5 cxd4 29. cxd4 Qg5 30. Qxg5 hxg5 31. Bxe6+ Ke8 32. Bf5 Ke7 33. g4 Nd7 34. Bg3 Nf6 35. Be1 Rg8 36. Bb4+ Kf7 37. Bd6 Kg7 38. Be5 Rf8 39. h4 Kh6 40. Bd6 Rf7 1/2-1/2

[Event "BCF-chT2 0607 (4NCL)"]
[Site "Sunningdale"]
[Date "2007.05.06"]
[Round "10.1"]
[White "Rees, Ioan"]
[Black "Mah, Karl"]
[Result "1/2-1/2"]
[WhiteElo "2257"]
[BlackElo "2418"]
[PlyCount "86"]
[EventDate "2006.09.16"]
[EventType "team"]
[EventRounds "11"]
[EventCountry "ENG"]
[SourceTitle "EXT 2008"]
[Source "ChessBase"]
[SourceDate "2007.11.25"]
[SourceVersion "1"]
[SourceVersionDate "2007.11.25"]
[SourceQuality "1"]
[WhiteTeam "Slough Sharks II"]
[BlackTeam "Cambridge"]
[WhiteTeamCountry "ENG"]
[BlackTeamCountry "ENG"]

1. d4 d6 2. Nf3 Nf6 3. c4 Nbd7 4. Nc3 e5 5. e4 Be7 6. Be2 0-0 7. 0-0 c6 8. Be3 Re8 9. d5 Nf8 10. Ne1 Ng6 11. Nd3 Nd7 12. Qd2 Nb6 13. b3 cxd5 14. Bxb6 Qxb6 15. Nxd5 Qd8 16. Nxe7+ Qxe7 17. Rfd1 Be6 18. g3 Red8 19. Bf3 Qc7 20. Bg2 a5 21. f4 exf4 22. gxf4 f5 23. exf5 Bxf5 24. Nf2 Ne7 25. Rac1 Kh8 26. Ne4 Bxe4 27. Bxe4 Ng8 28. Rc3 Nf6 29. Bg2 h6 30. Qd4 Rab8 31. h3 b6 32. Rcd3 Rd7 33. Qf2 b5 34. cxb5 Rxb5 35. Qd2 d5 36. Rc3 Rc5 37. Rdc1 Rxc3 38. Rxc3 Qb6+ 39. Kh1 Rd8 40. Rd3 Qc5 41. Rd4 Rb8 42. Rd3 Rd8 43. Rd4 Rb8 1/2-1/2

[Event "BCF-chT2 0607 (4NCL)"]
[Site "Sunningdale"]
[Date "2007.03.04"]
[Round "8.1"]
[White "Eggleston, David"]
[Black "Mah, Karl"]
[Result "1/2-1/2"]
[WhiteElo "2284"]
[BlackElo "2422"]
[PlyCount "88"]
[EventDate "2006.09.16"]
[EventType "team"]
[EventRounds "11"]
[EventCountry "ENG"]
[SourceTitle "EXT 2008"]
[Source "ChessBase"]
[SourceDate "2007.11.25"]
[SourceVersion "1"]
[SourceVersionDate "2007.11.25"]
[SourceQuality "1"]
[WhiteTeam "Barbican Youth"]
[BlackTeam "Cambridge"]
[WhiteTeamCountry "ENG"]
[BlackTeamCountry "ENG"]

1. e4 d6 2. Nf3 Nf6 3. Nc3 c6 4. d4 Bg4 5. Be2 e6 6. 0-0 d5 7. e5 Nfd7 8. Ne1 Bxe2 9. Nxe2 c5 10. c3 Nc6 11. f4 Qb6 12. Kh1 g6 13. b3 cxd4 14. cxd4 Be7 15. Be3 0-0-0 16. Nd3 Kb8 17. Nc3 Rc8 18. Na4 Qb5 19. Nc3 Qa5 20. Ne2 Qb6 21. a3 Na5 22. b4 Nc4 23. Bf2 Ka8 24. Nc5 Nb8 25. Qd3 Qd8 26. Be1 b6 27. Nb3 Qd7 28. Qb1 Ne3 29. Rf3 Nc2 30. Ra2 Nxe1 31. Qxe1 Na6 32. Rc3 Rxc3 33. Nxc3 Rc8 34. Nc1 Rc4 35. N1e2 h5 36. Qd1 Nc7 37. Qd3 Ne8 38. Nd1 Kb7 39. Ne3 Rc7 40. g3 Qa4 41. Rd2 Rc6 42. Rc2 Nc7 43. Rxc6 Qxc6 44. Nc3 a6 1/2-1/2

[Event "BCF-chT2 0607 (4NCL)"]
[Site "Sunningdale"]
[Date "2007.03.03"]
[Round "7.2"]
[White "Van de Griendt, Jan Willem"]
[Black "Mah, Karl"]
[Result "0-1"]
[WhiteElo "2366"]
[BlackElo "2422"]
[PlyCount "96"]
[EventDate "2006.09.16"]
[EventType "team"]
[EventRounds "11"]
[EventCountry "ENG"]
[SourceTitle "EXT 2008"]
[Source "ChessBase"]
[SourceDate "2007.11.25"]
[SourceVersion "1"]
[SourceVersionDate "2007.11.25"]
[SourceQuality "1"]
[WhiteTeam "White Rose"]
[BlackTeam "Cambridge"]
[WhiteTeamCountry "ENG"]
[BlackTeamCountry "ENG"]

1. d4 e6 2. c4 f5 3. g3 Nf6 4. Bg2 Be7 5. Nf3 0-0 6. 0-0 d5 7. b3 c6 8. Ne5 Nbd7 9. Nd3 Nb6 10. c5 Nbd7 11. b4 a5 12. bxa5 Qxa5 13. Nd2 b6 14. Nb3 Qa4 15. cxb6 Nxb6 16. Qc2 Qc4 17. Qb1 Ne4 18. Bb2 Na4 19. Rc1 Qb5 20. Bf1 Qb6 21. e3 Ba6 22. Rc2 Rfc8 23. f3 Ng5 24. Kf2 Nxb2 25. Rxb2 Ba3 26. Rc2 Rab8 27. Qe1 Bc4 28. Ndc5 Bxb3 29. Nxb3 Rc7 30. Qc3 Nf7 31. Nc5 Bb2 32. Qe1 Bxa1 33. Qxa1 Re7 34. a4 Qa5 35. Rb2 Ree8 36. Qb1 Rxb2+ 37. Qxb2 Nd6 38. Be2 Qa7 39. Qc2 Kf7 40. Qc3 Nb7 41. Nxb7 Qxb7 42. a5 Rc8 43. a6 Qb6 44. Qa3 c5 45. dxc5 Qxc5 46. Qa4 Rc7 47. Qf4 Qa5 48. g4 Rc1 0-1

[Event "BCF-chT2 0506 (4NCL)"]
[Site "Birmingham"]
[Date "2006.01.14"]
[Round "5.1"]
[White "Mah, Karl"]
[Black "Cobb, Charles"]
[Result "1/2-1/2"]
[WhiteElo "2425"]
[BlackElo "2404"]
[PlyCount "54"]
[EventDate "2005.10.22"]
[EventType "team"]
[EventRounds "11"]
[EventCountry "ENG"]
[SourceTitle "EXT 2007"]
[Source "ChessBase"]
[SourceDate "2006.11.23"]
[SourceVersion "1"]
[SourceVersionDate "2006.11.23"]
[SourceQuality "1"]
[WhiteTeam "Cambridge"]
[BlackTeam "Bristol"]
[WhiteTeamCountry "ENG"]
[BlackTeamCountry "ENG"]

1. Nf3 d5 2. d4 Nf6 3. c4 e6 4. Nc3 Nbd7 5. cxd5 exd5 6. Bg5 c6 7. e3 Be7 8. Bd3 0-0 9. Qc2 Re8 10. 0-0 Nf8 11. h3 Ng6 12. Ne5 Nxe5 13. dxe5 Nd7 14. Bxe7 Qxe7 15. Bxh7+ Kh8 16. f4 g6 17. Bxg6 fxg6 18. Qxg6 Nf8 19. Qh5+ Nh7 20. Rad1 Be6 21. e4 Qc5+ 22. Kh1 d4 23. Ne2 Bc4 24. b3 Ba6 25. Rc1 Qe7 26. Rfd1 d3 27. Nd4 Qb4 1/2-1/2